000 00847nam a2200217 a 4500
005 20220604063645.0
008 991125s1994 mx 000 0 spa u
020 _a9682953243
035 _aUPN01000035285
049 _aLTG
050 4 _aLB1649
_bM6 1994 LM
100 1 _aChamizo Guerrero, José Antonio
_931323
245 1 0 _aLibro para el maestro :
_bquímica : secundaria /
_cJosé Antonio Chamizo Guerrero, Margarita Petrich Moreno, Ramón Vilar Compte.
260 _aMéxico :
_bSEP, Comisión Nacional de los Libros de Texto Gratuitos,
_c1994.
300 _a139, [3] p. :
_bil., fotos
650 4 _aEDUCACION SECUNDARIA -
_vLIBROS DE TEXTO
_914377
650 4 _aQuímica
_xEstudio y enseñanza (Secundaria)
_97244
700 1 _aPetrich Moreno, Margarita Salomé,
_ecoaut.
_932626
700 1 _aVilar Compte, Ramón,
_ecoaut.
905 _aLibro
999 _c35285
_d35285